000 00561cam a22001934a 4500
005 20250605164202.0
008 250528s ||||||||||||||||||||||||d
035 _a19769
020 _a9963040713
040 _aGR-AtMCL
_bgre
_dGR-AtMCL
_eAACR2
245 1 _aΓΕΝΙΚΕΣ ΕΜΠΟΡΙΚΕΣ ΓΝΩΣΕΙΣ
250 _a3
260 _bΥπουργειο Παιδειας Κυπρου,
_c1989
700 1 _aΑυξεντιου Ανδρεας
_95966
700 1 _aΛιγγης Αντωνης
_95967
942 _cBK
999 _c5025
_d5025